<?xml version="1.0" encoding="UTF-8"?>
<record
    xmlns:xsi="http://www.w3.org/2001/XMLSchema-instance"
    xsi:schemaLocation="http://www.loc.gov/MARC21/slim http://www.loc.gov/standards/marcxml/schema/MARC21slim.xsd"
    xmlns="http://www.loc.gov/MARC21/slim">

  <leader>01645nam a2200289Ia 4500</leader>
  <datafield tag="999" ind1=" " ind2=" ">
    <subfield code="c">52973</subfield>
    <subfield code="d">52973</subfield>
  </datafield>
  <controlfield tag="001">20004</controlfield>
  <controlfield tag="003">GE_BSU</controlfield>
  <controlfield tag="005">20250318140020.0</controlfield>
  <controlfield tag="008">181216s2014||||ge |||||||||||||| ||geo||</controlfield>
  <datafield tag="020" ind1=" " ind2=" ">
    <subfield code="a">978-9941-07271-0</subfield>
  </datafield>
  <datafield tag="040" ind1=" " ind2=" ">
    <subfield code="c">GE_BSU</subfield>
  </datafield>
  <datafield tag="041" ind1=" " ind2=" ">
    <subfield code="a">geo</subfield>
  </datafield>
  <datafield tag="080" ind1=" " ind2=" ">
    <subfield code="a">618.3 + 616-005.7 &#x10DB;-39</subfield>
  </datafield>
  <datafield tag="245" ind1=" " ind2=" ">
    <subfield code="a">&#x10D7;&#x10E0;&#x10DD;&#x10DB;&#x10D1;&#x10DD;&#x10E4;&#x10D8;&#x10DA;&#x10D8;&#x10D0; :</subfield>
    <subfield code="b">[&#x10DB;&#x10DD;&#x10DC;&#x10DD;&#x10D2;&#x10E0;&#x10D0;&#x10E4;&#x10D8;&#x10D0;] /</subfield>
    <subfield code="c">&#x10D0;&#x10DA;&#x10D4;&#x10E5;&#x10E1;&#x10D0;&#x10DC;&#x10D3;&#x10E0;&#x10D4; &#x10DB;&#x10D0;&#x10E5;&#x10D0;&#x10EA;&#x10D0;&#x10E0;&#x10D8;&#x10D0;, &#x10D5;&#x10D8;&#x10E5;&#x10E2;&#x10DD;&#x10E0;&#x10D8;&#x10D0; &#x10D1;&#x10D8;&#x10EC;&#x10D0;&#x10EB;&#x10D4;, &#x10DB;&#x10D0;&#x10E0;&#x10D8;&#x10DC;&#x10D0; &#x10EF;&#x10D0;&#x10DC;&#x10D2;&#x10D8;&#x10EB;&#x10D4; ; &#x10E0;&#x10D4;&#x10D3;. : &#x10DB;&#x10D0;&#x10E0;&#x10D8;&#x10DC;&#x10D0; &#x10EF;&#x10D0;&#x10DC;&#x10D2;&#x10D8;&#x10EB;&#x10D4; ; &#x10D2;&#x10D0;&#x10E0;&#x10D4;&#x10D9;&#x10D0;&#x10DC;&#x10D8;&#x10E1; &#x10D3;&#x10D8;&#x10D6;&#x10D0;&#x10D8;&#x10DC;&#x10D8; &#x10D0;&#x10DA;&#x10D4;&#x10E5;&#x10E1;&#x10D0;&#x10DC;&#x10D3;&#x10E0;&#x10D4; &#x10EF;&#x10D8;&#x10E5;&#x10E3;&#x10E0;&#x10D8;&#x10EB;&#x10D4;.</subfield>
  </datafield>
  <datafield tag="264" ind1=" " ind2=" ">
    <subfield code="a">&#x10D7;&#x10D1;&#x10D8;&#x10DA;&#x10D8;&#x10E1;&#x10D8; :</subfield>
    <subfield code="b">&#x10E1;&#x10D0;&#x10D2;&#x10D0;&#x10DB;&#x10DD;&#x10DB;&#x10EA;. &#x10DE;&#x10E0;&#x10DD;&#x10D2;&#x10E0;&#x10D0;&#x10DB;&#x10D0; "&#x10DA;&#x10DD;&#x10D2;&#x10DD;&#x10E1;&#x10D8;"-&#x10E1; &#x10E1;&#x10E2;.,</subfield>
    <subfield code="c">2014.</subfield>
  </datafield>
  <datafield tag="300" ind1=" " ind2=" ">
    <subfield code="a">464 &#x10D2;&#x10D5;. : </subfield>
    <subfield code="b">&#x10DC;&#x10D0;&#x10EE;. ; </subfield>
    <subfield code="c">24 &#x10E1;&#x10DB;.</subfield>
  </datafield>
  <datafield tag="504" ind1=" " ind2=" ">
    <subfield code="a">&#x10D1;&#x10D8;&#x10D1;&#x10DA;&#x10D8;&#x10DD;&#x10D2;&#x10E0;. : &#x10D2;&#x10D5;. 459-464</subfield>
  </datafield>
  <datafield tag="541" ind1=" " ind2=" ">
    <subfield code="h">42&#x10DA;.90&#x10D7;.</subfield>
  </datafield>
  <datafield tag="653" ind1=" " ind2=" ">
    <subfield code="a">&#x10D7;&#x10E0;&#x10DD;&#x10DB;&#x10D1;&#x10DD;&#x10E4;&#x10D8;&#x10DA;&#x10D8;&#x10D0;</subfield>
  </datafield>
  <datafield tag="653" ind1=" " ind2=" ">
    <subfield code="a">&#x10DB;&#x10D4;&#x10D3;&#x10D8;&#x10EA;&#x10D8;&#x10DC;&#x10D0;</subfield>
  </datafield>
  <datafield tag="653" ind1=" " ind2=" ">
    <subfield code="a">&#x10E1;&#x10D0;&#x10DB;&#x10D4;&#x10D0;&#x10DC;&#x10DD;-&#x10D2;&#x10D8;&#x10DC;&#x10D4;&#x10D9;&#x10DD;&#x10DA;&#x10DD;&#x10D2;&#x10D8;&#x10E3;&#x10E0;&#x10D8; &#x10DE;&#x10D0;&#x10D7;&#x10DD;&#x10DA;&#x10DD;&#x10D2;&#x10D8;&#x10D4;&#x10D1;&#x10D8;</subfield>
  </datafield>
  <datafield tag="700" ind1=" " ind2=" ">
    <subfield code="a">&#x10D1;&#x10D8;&#x10EC;&#x10D0;&#x10EB;&#x10D4;, &#x10D5;. (&#x10D5;&#x10D8;&#x10E5;&#x10E2;&#x10DD;&#x10E0;&#x10D8;&#x10D0;) </subfield>
    <subfield code="e">&#x10D0;&#x10D5;&#x10E2;&#x10DD;&#x10E0;&#x10D8;</subfield>
    <subfield code="9">24593</subfield>
  </datafield>
  <datafield tag="700" ind1=" " ind2=" ">
    <subfield code="a">&#x10EF;&#x10D0;&#x10DC;&#x10D2;&#x10D8;&#x10EB;&#x10D4;, &#x10DB;. (&#x10DB;&#x10D0;&#x10E0;&#x10D8;&#x10DC;&#x10D0;)</subfield>
    <subfield code="e">&#x10D0;&#x10D5;&#x10E2;&#x10DD;&#x10E0;&#x10D8;, &#x10E0;&#x10D4;&#x10D3;&#x10D0;&#x10E5;&#x10E2;&#x10DD;&#x10E0;&#x10D8;</subfield>
    <subfield code="9">24594</subfield>
  </datafield>
  <datafield tag="700" ind1=" " ind2=" ">
    <subfield code="a">&#x10EF;&#x10D0;&#x10DC;&#x10D2;&#x10D8;&#x10EB;&#x10D4;, &#x10DB;. (&#x10DB;&#x10D0;&#x10E0;&#x10D8;&#x10DC;&#x10D0;)</subfield>
    <subfield code="e">&#x10D0;&#x10D5;&#x10E2;&#x10DD;&#x10E0;&#x10D8;</subfield>
    <subfield code="9">24594</subfield>
  </datafield>
  <datafield tag="700" ind1=" " ind2=" ">
    <subfield code="a">&#x10EF;&#x10D8;&#x10E5;&#x10E3;&#x10E0;&#x10D8;&#x10EB;&#x10D4;, &#x10D0;. (&#x10D0;&#x10DA;&#x10D4;&#x10E5;&#x10E1;&#x10D0;&#x10DC;&#x10D3;&#x10E0;&#x10D4;)</subfield>
    <subfield code="e">&#x10D2;&#x10D0;&#x10E0;&#x10D4;&#x10D9;&#x10D0;&#x10DC;&#x10D8;&#x10E1; &#x10D3;&#x10D8;&#x10D6;&#x10D0;&#x10D8;&#x10DC;&#x10D8;</subfield>
    <subfield code="9">24595</subfield>
  </datafield>
  <datafield tag="942" ind1=" " ind2=" ">
    <subfield code="c">BK</subfield>
    <subfield code="2">udc</subfield>
  </datafield>
  <datafield tag="952" ind1=" " ind2=" ">
    <subfield code="0">0</subfield>
    <subfield code="1">0</subfield>
    <subfield code="2">udc</subfield>
    <subfield code="4">0</subfield>
    <subfield code="6">6183__6160057_&#x10DB;39</subfield>
    <subfield code="7">0</subfield>
    <subfield code="9">74444</subfield>
    <subfield code="a">CPL</subfield>
    <subfield code="b">CPL</subfield>
    <subfield code="c">GEN</subfield>
    <subfield code="d">2018-12-17</subfield>
    <subfield code="g">42.90</subfield>
    <subfield code="o">618.3 + 616-005.7 &#x10DB;-39</subfield>
    <subfield code="p">27818</subfield>
    <subfield code="r">2018-12-17</subfield>
    <subfield code="t">27818</subfield>
    <subfield code="w">2018-12-17</subfield>
    <subfield code="y">BK</subfield>
    <subfield code="z">42.90 &#x20BE;.</subfield>
  </datafield>
</record>
